| 000 | 00000nam##2200000za#4500 |
| 001 | 9.574507 |
| 003 | CaOODSP |
| 005 | 20210624184222 |
| 007 | cr ||||||||||| |
| 008 | 150406|2006||||xxc|||||o f|0| 0 eng|d |
| 040 | |aCaOODSP|beng |
| 043 | |an-cn--- |
| 086 | 1 |aTU3-5/06-11E-PDF |
| 110 | 2 |aTransportation Safety Board of Canada. |
| 245 | 10|aEngine failure - Héli Star Inc. Bell 206L-3 helicopter C-GDTM, La Tuque, Quebec, 26 nm NE, 07 June 2006 |h[electronic resource] |
| 260 | |aGatineau - Quebec : |bTransportation Safety Board of Canada |c2007. |
| 300 | |a7p.|bfigs. (some coloured) |
| 490 | 1 |aAviation investigation report |vA06Q0091 |
| 500 | |a"The Board authorized the release of this report on 30 May 2007" --p.7. |
| 590 | |a12-33-Supp|b2012-07-18 |
| 775 | 08|tPanne moteur à l'hélicoptère Bell 206L-3 C-GDTM, exploité par Héli Star Inc. à 26 nm au nord-est de La Tuque (Québec), le 7 juin 2006 |w(CaOODSP)9.604251 |
| 830 | #0|aAviation investigation report ;|vA06Q0091|w(CaOODSP)9.504825 |
| 856 | 40|ahttp://publications.gc.ca|qPDF|s232 KB|uhttps://publications.gc.ca/collections/collection_2012/bst-tsb/TU3-5-06-11-eng.pdf|yA06Q0091 |